000 00889naa a22002417a 4500
001 BR7304668
003 BR-BrBNA
005 20240918173457.0
007 ta
008 230509b bl.||||| |||| 00| 0 por d
040 _aBR-BrBNA
_bpor
_cBiblioteca Nacional de Agricultura
041 _a(Pt)
072 _aQ20
_b9924
090 _aQ20 BR7304668
100 1 _aGalli, F.
245 1 _aAcidentes da fermentacao alcoolica
260 3 _aPiracicaba, SP (Brasil):
_c1961.
500 _a2. Semana de Fermentacao Alcoolica. Fermentacao do mel final das usinas de acucar Piracicaba, SP (Brasil): 1961. p. 297-304 (BR7304668-AM)Q20
650 _aFERMENTACAO ALCOOLICA
773 0 _t2. Semana de Fermentacao Alcoolica. Fermentacao do mel final das usinas de acucar
_b
_wQ20 BR7304668
_gPiracicaba, SP (Brasil), 1961. p. 297-304
909 _a202404
_bLucia
_c55
_dLucia Elande
942 _cAM
_2AGRIS
999 _c304843
_d304843